Water Security for Agriculture:Aatmanirbhar Bharat: (Record no. 204607)
[ view plain ]
| 000 -LEADER | |
|---|---|
| fixed length control field | 00734nam a22001937a 4500 |
| 005 - DATE AND TIME OF LATEST TRANSACTION | |
| control field | 20240730113212.0 |
| 010 ## - LCCN (DPL NO) | |
| LC control number | ENG-141087 |
| 020 ## - INTERNATIONAL STANDARD BOOK NUMBER | |
| Terms of availability | 750.00 |
| International Standard Book Number | 9789389934649 |
| 035 ## - SYSTEM CONTROL NUMBER | |
| System control number | EN-124619 |
| 037 ## - SOURCE OF ACQUISITION | |
| Source of stock number/acquisition | DBAD |
| 082 ## - DEWEY DECIMAL CLASSIFICATION NUMBER | |
| Classification number | 333.91 |
| 245 ## - TITLE STATEMENT | |
| Title | Water Security for Agriculture:Aatmanirbhar Bharat: |
| Statement of responsibility, etc | Transtexters |
| Remainder of title | 'Water-Smart'&'Climate-Smart' Action-2047/ |
| 260 ## - PUBLICATION, DISTRIBUTION, ETC. (IMPRINT) | |
| Place of publication, distribution, etc | Noida |
| Name of publisher, distributor, etc | Sunil Sachdev |
| Date of publication, distribution, etc | 2024 |
| 270 ## - ADDRESS | |
| Address | D-5, Sector-2, Noida |
| City | Noida |
| Postal code | 201301 |
| 300 ## - PHYSICAL DESCRIPTION | |
| Extent | 206 pages |
| Dimensions | 24cm |
| 500 ## - GENERAL NOTE | |
| General note | हर लाइलाज समस्या का इलाज आपके अंदर है |
| 700 ## - ADDED ENTRY--PERSONAL NAME | |
| Personal name | Prof.Shrikant Kalamkar , Dr.kirit Shelat ,Dr.Suresh Acharya |
| 9 (RLIN) | 68986 |
| 942 ## - ADDED ENTRY ELEMENTS (KOHA) | |
| Source of classification or shelving scheme | Dewey Decimal Classification |
| Item type | Hindi Books |
| Classification part | 333.91 |
| Call number suffix | WAT |
| Withdrawn status | Lost status | Not for loan | Collection code | Home library | Current library | Date acquired | Source of acquisition | Cost, normal purchase price | Full call number | Barcode | Copy number | Cost, replacement price | Koha item type |
|---|---|---|---|---|---|---|---|---|---|---|---|---|---|
| Non-fiction | Janak Puri | Janak Puri | 30/07/2024 | DBAD | 750.00 | 333.91 WAT | EN-124619 | 1 | 750.00 | Hindi Books |
